| 000 | 02005nam0a2200397 4500 | ||
|---|---|---|---|
| 001 | RU\NLR\BIBL_A\012582563 | ||
| 005 | 20211006193851.0 | ||
| 010 |
_a978-5-4315-1860-7 _95000 |
||
| 021 |
_aRU _bКН-П-21-026397 _9КН-П-21-2039 |
||
| 035 | _a(NLR Aleph) 012582563 | ||
| 090 |
_a12526423 _c12526423 |
||
| 100 | _a20210819d2021 u y0rusy50 ca | ||
| 101 | 0 | _arus | |
| 102 | _aRU | ||
| 105 | _aac||z|||000zy | ||
| 181 | 0 |
_ai _baxxe |
|
| 182 | 0 | _an | |
| 200 | 1 |
_aОзнакомление с предметным и социальным окружением _eметодические рекомендации, конспекты занятий, дополнительный материал _eстаршая группа _e5-6 лет _eпособие _fО.В. Дыбина |
|
| 203 |
_aТекст _bвизуальный _cнепосредственный |
||
| 205 | _aИзд. 2-е изд., испр. и доп. | ||
| 210 |
_aМосква _cМозаика-Синтез _d2021 |
||
| 215 |
_a52, [4] с. _cил., портр. _d24 |
||
| 225 | 1 | _aОт рождения до школы | |
| 225 | 1 | _aСоответствует ФГОС | |
| 300 | _aНа обороте тит. с. в макете и на концевой тит. с. подзаг.: Конспекты занятий с детьми 5-6 лет | ||
| 300 | _aНа обороте тит. с. авт.: Дыбина О.В. - д-р пед. наук, проф. | ||
| 333 | _a0+ | ||
| 606 | 1 |
_aДошкольники _jРуководства, пособия и т.п. _xВоспитание _92105059 _3RU\NLR\auth\661576352 |
|
| 610 | 0 | _aокружающий мир для дошкольников | |
| 610 | 0 | _aсоциальное воспитание дошкольников | |
| 686 | 1 | _aЧ411.332я7 | |
| 700 | 1 |
_7ca _8rus _aДыбина _bО. В. _f1956- _gОльга Витальевна _9121833 _3RU\NLR\AUTH\7712102 |
|
| 942 | _cBOOK | ||
| 980 | _aNB | ||